Charaktere aus dem Breaking Bad-Universum nach Bild - Statistiken

Allgemein
  • Dieses Quiz wurde 81 mal gespielt
  • Das Durchschnittsergebnis liegt bei 18 aus 36
Antwortstatistiken
Bildquiz Antwort % Korrekt
Walter „Walt“ Hartwell White
100%
Gustavo „Gus“ Fring
90%
Jimmy „Saul Goodman“ McGill
90%
Hank Schrader
88%
Jesse Pinkman
84%
Mike Ehrmantraut
82%
Tuco Salamanca
78%
Skyler White
73%
Walter „Flynn“ White Jr.
70%
Héctor Salamanca
67%
Marie Schrader
66%
Skinny Pete
66%
„Krazy-8“
55%
Badger
54%
Ted Beneke
54%
Jane Margolis
52%
Todd Alquist
51%
Eduardo „Lalo“ Salamanca
49%
Holly White
48%
Ignacio „Nacho“ Varga
46%
Christian „Combo“ Ortega
45%
Kim Wexler
45%
Marco & Leonel Salamanca
45%
Lydia Rodarte-Quayle
43%
Steven Gomez
39%
Charles „Chuck“ McGill
36%
Huell Babineaux
33%
Howard Hamlin
31%
Werner Ziegler
30%
Andrea Cantillo
27%
„Don“ Eladio Vuente
27%
Tyrus Kitt
21%
Kevin Wachtell
16%
Richard “Rich“ Schweikart
15%
Francesca Liddy
13%
Clifford „Cliff“ Main
7%
Keine übereinstimmenden Quizze gefunden
Verteilung der Resultate
Anzahl Personen mit jedem Resultat
Perzentil nach korrekt beantworteten Fragen
Ihre Resultats-Entwicklung
Sie haben dieses Quiz noch nicht gespielt